Places de Lyon par image - Statistiques

Statistiques générales
  • Ce quiz a été pris 298 fois
  • Le résultat moyen est 8 sur 18
Statistiques - réponses
Par images Réponse % Correct
Place Bellecour
99%
Place des Terreaux
85%
Place des Jacobins
69%
Place de Fourvière
61%
Gros Caillou (Croix-Rousse)
60%
Place Saint Jean
60%
Place de la République
51%
Place Saint-Paul
47%
Place Jules Ferry (Brotteaux)
42%
Place Carnot
41%
Place Gabriel Péri
37%
Place Paul Duquaire (palais de justice)
37%
Place de la Bourse
32%
Place Guichard
32%
Place Charles de Gaulle
20%
Place Ambroise Courtois (Institut Lumière)
17%
Place de la Comédie
13%
Place du Change
6%
Aucun quiz correspondant
Distribution des résultats
% des personnes avec chaque résultat
Percentile par nombre de réponses
Votre historique - résultats
Vous n’avez pas pris ce quiz